书目信息 |
| 题名: |
西方法学名著精要
|
|
| 作者: | 张恒山 主编 | |
| 分册: | ||
| 出版信息: | 北京 人民出版社 2009.01 |
|
| 页数: | 581页 | |
| 开本: | 25cm | |
| 丛书名: | ||
| 单 册: | ||
| 中图分类: | Z88:D | |
| 科图分类: | ||
| 主题词: | 法学--fa xue--著作--简介--西方国家 | |
| 电子资源: | ||
| ISBN: | 978-7-01-006812-1 | |
| 000 | 00878nam0 2200241 450 | |
| 001 | 012009496641 | |
| 005 | 20100412105922.23 | |
| 010 | @a978-7-01-006812-1@dCNY88.00 | |
| 100 | @a20100412d2009 em y0chiy0120 ea | |
| 101 | 0 | @achi |
| 102 | @aCN@b110000 | |
| 105 | @aa z 000yy | |
| 106 | @ar | |
| 200 | 1 | @a西方法学名著精要@Axi fang fa xue ming zhu jing yao@f张恒山主编@Fzhu bian zhang heng shan |
| 205 | @a第2版 | |
| 210 | @a北京@c人民出版社@d2009.01 | |
| 215 | @a581页@c图@d25cm | |
| 330 | @a本书是精选西方18世纪以前最具代表性法学名著11种,分别是:柏拉图与《理想国》、亚里士多德与《政治学》、霍布斯与《利维坦》、斯宾诺莎与《神学政治论》、卢梭与《社会契约论》、休谟与《人性论》等。 | |
| 606 | 0 | @a法学@Afa xue@x著作@x简介@y西方国家 |
| 690 | @aZ88:D@v4 | |
| 701 | 0 | @a张恒山@Azhang heng shan@4主编 |
| 801 | 0 | @aCN@bQSSK@c20100412 |
| 905 | @b777368-70@dZ88:D@eZ116@f3 | |
| 西方法学名著精要/张恒山主编.-第2版.-北京:人民出版社,2009.01 |
| 581页:图;25cm |
| ISBN 978-7-01-006812-1:CNY88.00 |
| 本书是精选西方18世纪以前最具代表性法学名著11种,分别是:柏拉图与《理想国》、亚里士多德与《政治学》、霍布斯与《利维坦》、斯宾诺莎与《神学政治论》、卢梭与《社会契约论》、休谟与《人性论》等。 |
| ● |
| 相关链接 |
|
|
|
正题名:西方法学名著精要
索取号:Z88:D/Z116
 
预约/预借
| 序号 | 登录号 | 条形码 | 馆藏地/架位号 | 状态 | 备注 |
| 1 | 777368 | 207773685 | 自科库501/501自科库 132排2列2层/ [索取号:Z88:D/Z116] | 在馆 | |
| 2 | 777369 | 207773694 | 自科二线400A/400A自科库 28排2列2层/ [索取号:Z88:D/Z116] | 在馆 | |
| 3 | 777370 | 207773701 | 自科二线400A/400A自科库 28排2列2层/ [索取号:Z88:D/Z116] | 在馆 |